| 000 | 01970nam a2200361 a 4500 | ||
|---|---|---|---|
| 001 | 2018753 | ||
| 003 | AM-YEHGA | ||
| 005 | 20250710133541.0 | ||
| 008 | 250516s1907 gs ||||r|||||00||1|arm|d | ||
| 040 | _aAM-YEHGA | ||
| 041 | 1 | _aarm | |
| 245 | 0 | 0 |
_aԽորամանկ կարգեր / _cՌուսերենից թարգմանեց՝ տիկին Հրանոյշը. |
| 260 |
_aԹիֆլիս : _bտպ. Հերմէս ընկ․, _c1907. |
||
| 300 | _a(5 գիրք մեկ կազմի մեջ) ; 48 էջ | ||
| 440 | 0 |
_a«Յառաջ»-ի գրադարան ; _n№ 31 |
|
| 500 | _aՇարվածքը` 16X10,5 սմ: | ||
| 500 | _aՏպարանը վերցված է տիտղոսաթերթի դարձերեսից: Տպագրության թվականը` շապկից: | ||
| 501 | _aՄեկ կազմի մեջ՝ Գիւղացիական հարցը Ֆրանսիայում / Ս. Ան-սկիյ ։ Թիֆլիս : Տպարան «Հերմէս» ։ 1906 ; Գիւղացին եւ բանւորը / Աբրամօվա ։ Թիֆլիս : Тип. "Братство" ։ 1907 ; Փիլիսօփայ սօցիոլօգ / Միքայէլ Յովհաննիսեան ։ Թիֆլիս : տպ. Հերմէս ։ 1907 ; Նւազագոյն ծրագիրը / Լ. Շիշկօ : Թիֆլիս : տպ. Տ.Մ. Ռօտինեանցի : 1907. | ||
| 650 | 1 | 4 | _aՀայ գրականություն |
| 700 | 1 |
_aՀրանուշ _eթարգմ. _4trl |
|
| 700 | 1 | _aԱն-սկիյ, Ս. | |
| 700 | 1 |
_aՀակոբյան, Հակոբ Մնացականի, _d1866-1937 _eթարգմ. _4trl _91222 |
|
| 700 | 1 | _aԱբրամօվա | |
| 700 | 1 |
_aՂարագ., Գր. _eթարգմ. _4trl |
|
| 700 | 1 | _aՀովհաննիսյան, Միքայել | |
| 700 | 1 | _aՇիշկո, Լ. | |
| 700 | 1 |
_aՅար., Մ _eթարգմ. _4trl |
|
| 740 | 0 | 2 | _aԳիւղացիական հարցը Ֆրանսիայում |
| 740 | 0 | 2 | _aԳիւղացին եւ բանւորը |
| 740 | 0 | 2 | _aՓիլիսօփայ սօցիոլօգ |
| 740 | 0 | 2 | _aՆւազագոյն ծրագիրը |
| 942 |
_2udc _cBK |
||
| 999 |
_c534858 _d534858 |
||